000
00310nam a22001217a 4500
040
_c
SY
082
_a
940
100
_a
NA
245
_a
ក្របខ័ណ្ឌជំនួយអភិវឌ្ឍន៍សហប្រជាជាតិ
260
_a
United nation
_b
NA
_c
2010
300
_a
69p.
942
_c
KB
999
_c
9827
_d
9827